Statistics for Every Amiibo

Click here to take the quiz!

General Stats

  • This quiz has been taken 33 times
    (8 since last reset)
  • The average score is 160 of 218

Answer Stats

GameAmiibo% Correct
Blue Yarn Yoshi
100%
Bowser
100%
Bowser Jr. - Smash
100%
Bowser - Smash
100%
Byleth - Smash
100%
Cat Mario
100%
Cat Peach
100%
Chibi-Robo!Chibi-Robo
100%
Chrom
100%
Chrom - Smash
100%
Classic 8-Bit Mario
100%
Corrin - Player 2
100%
Corrin - Smash
100%
Daisy
100%
Daisy - Smash
100%
Dark Hammer Slam Bowser
100%
Dark Samus - Smash
100%
Dark Turbo Charge Donkey Kong
100%
PokemonDetective Pikachu
100%
Diddy Kong
100%
Diddy Kong - Smash
100%
Donkey Kong
100%
Donkey Kong - Smash
100%
Dr Mario - Smash
100%
Duck Hunt - Smash
100%
Gold Mario
100%
Gold Mega Man - Smash
100%
Yoshi's Woolly WorldGreen Yarn Yoshi
100%
Skylanders SuperchargersHammer Slam Bowser
100%
Ice Climbers - Smash
100%
Ike - Smash
100%
Inkling Boy
100%
Inkling Boy- Neon Green
100%
Inkling Boy - Purple
100%
SplatoonInkling Girl
100%
Inkling Girl - Lime Green
100%
Inkling Girl - Neon Pink
100%
Inkling - Smash
100%
Inkling Squid
100%
Inkling Squid - Neon Purple
100%
Inkling Squid - Orange
100%
Inkling - Yellow
100%
Isabelle - Smash
100%
Isabelle-Summer
100%
Animal CrossingIsabelle-Winter
100%
King Dedede
100%
King Dedede - Smash
100%
King K. Rool - Smash
100%
KirbyKirby
100%
Kirby - Smash
100%
Lucina - Smash
100%
Luigi
100%
Luigi - Smash
100%
Marina
100%
Super MarioMario
100%
Super Smash BrosMario - Smash
100%
Marth - Smash
100%
Mega ManMega Man
100%
Mega Man - Smash
100%
Mega Yarn Yoshi
100%
Meta Knight
100%
Meta Knight - Smash
100%
Metal Mario
100%
Metroid
100%
Modern 8-Bit Mario
100%
Olimar - Smash
100%
Peach
100%
Peach - Smash
100%
Pikachu - Smash
100%
PikminPikmin
100%
Pink Yarn Yoshi
100%
Piranha Plant - Smash
100%
Ridley - Smash
100%
R.O.B. - Famicom
100%
Robin - Smash
100%
R.O.B - Smash
100%
Rosalina
100%
Rosalina - Smash
100%
Roy - Smash
100%
MetroidSamus Aran
100%
Samus - Smash
100%
Shovel KnightShovel Knight
100%
Shovel Knight - Gold Edition
100%
Shulk - Smash
100%
Tiki
100%
Tom Nook
100%
Turbo Charge Donkey Kong
100%
Villager - Smash
100%
Waluigi
100%
Wario
100%
Wario - Smash
100%
Wedding Bowser
100%
Wedding Mario
100%
Wedding Peach
100%
Yoshi
100%
Yoshi - Smash
100%
Zero Suit Samus - Smash
100%
Banjo & Kazooie - Smash
67%
Bayonetta - Player 2
67%
Bayonetta - Smash
67%
Boo
67%
Callie
67%
Captain Falcon - Smash
67%
Celica
67%
Charizard - Smash
67%
Cloud - Player 2
67%
Cloud - Smash
67%
Cyrus
67%
Dark Pit - Smash
67%
Digby
67%
E.M.M.I
67%
Falco - Smash
67%
Fox - Smash
67%
Ganondorf - Smash
67%
Goomba
67%
Greninja - Smash
67%
Guardian
67%
Hero - Smash
67%
Incineroar - Smash
67%
Ivysaur - Smash
67%
Jigglypuff - Smash
67%
Joker - Smash
67%
Ken - Smash
67%
K.K. Slider
67%
Koopa Troopa
67%
Link - 8 Bit
67%
Link - Archer
67%
Link - Link's Awakening
67%
Link - Majora's Mask
67%
Link - Ocarina of Time
67%
Link - Rider
67%
Link - Skyward Sword
67%
Link - Smash
67%
Link - Tears of the Kingdom
67%
Link - Twilight Princess
67%
Little Mac - Smash
67%
Lucario - Smash
67%
Lucas - Smash
67%
Mewtwo - Smash
67%
Mii Brawler - Smash
67%
Mii Gunner - Smash
67%
Mii Swordfighter - Smash
67%
Ness- Smash
67%
One-Eyed Rathalos and Rider - Female
67%
One-Eyed Rathalos and Rider - Male
67%
Pac-Man - Smash
67%
Palutena - Smash
67%
Pichu - Smash
67%
Pit - Smash
67%
Pokemon Trainer - Smash
67%
Poochy
67%
Qurupeco and Dan
67%
Razewing Ratha
67%
Reese
67%
Richter - Smash
67%
Ryu - Smash
67%
Sheik - Smash
67%
Simon - Smash
67%
Snake - Smash
67%
Dark SoulsSolaire of Astora
67%
Sonic - Smash
67%
Squirtle - Smash
67%
Terry - Smash
67%
Toad
67%
Toon Link - Smash
67%
Toon Link - Wind Waker
67%
Waddle Dee
67%
Wii Fit Trainer - Smash
67%
The Legend of ZeldaWolf Link
67%
Wolf - Smash
67%
Young Link - Smash
67%
Zelda
67%
Zelda - Smash
67%
Zelda - Wind Waker
67%
Fire EmblemAlm
33%
Blathers
33%
Bokoblin
33%
Celeste
33%
Daruk
33%
Kapp'n
33%
Kazuya - Smash
33%
Kicks
33%
King Knight
33%
DiabloLoot Goblin
33%
Lottie
33%
Mabel
33%
Monster HunterMagnamalo
33%
Marie
33%
Min-Min - Smash
33%
Mipha
33%
Octoling - Blue
33%
Octoling Boy
33%
Octoling Girl
33%
Octoling Octopus
33%
Palamute
33%
Palico
33%
Pearl
33%
Plague Knight
33%
BOXBOY!Qbby
33%
Rathian and Cheval
33%
Resetti
33%
Revali
33%
Rover
33%
Samus - Dread
33%
Sephiroth - Smash
33%
Smallfry
33%
Specter Knight
33%
Steve - Smash
33%
Timmy & Tommy Nook
33%
Urbosa
33%
Alex - Smash
0%
Barioth and Ayuria
0%
Ena
0%
Malzeno
0%
Mr. Game & Watch - Smash
0%
Navirou
0%
Tsukino
0%
Zelda & Loftwing
0%

Score Distribution

Percentile by Number Answered

Percent of People with Each Score

Your Score History

You have not taken this quiz since the last reset